[Event "Kieler Open 2018-A"]
[Site "Kiel"]
[Date "2018.07.28"]
[Round "2.8"]
[White "Wichmann, Cliff"]
[Black "Quante, Lennart"]
[Result "1-0"]
[WhiteElo "2305"]
[BlackElo "2083"]
[Annotator "EA"]
[PlyCount "129"]
[EventDate "2018.??.??"]
[WhiteTeam "ESV Nickelhütte Aue"]
[BlackTeam "SK Münster 32 e.V."]

1. Nf3 Nf6 2. c4 g6 3. Nc3 d5 4. cxd5 Nxd5 5. h4 Nxc3 6. bxc3 h5 7. Qa4+ Qd7 8.
Qb3 Bg7 9. g3 O-O 10. d4 c5 11. Bg2 Nc6 12. dxc5 Na5 13. Qb4 Nc6 14. Qb2 Qg4
15. Be3 Qc4 16. Rc1 Be6 17. a3 Na5 18. Nd2 Qa6 19. Bf3 Rfd8 20. O-O Rd7 21. Qb4
Rad8 22. Rc2 Nc6 23. Qb2 Ne5 24. Bd4 Bf5 25. Rcc1 Nxf3+ 26. Nxf3 Bg4 27. Rfe1
Qc6 28. Bxg7 Bxf3 29. exf3 Kxg7 30. c4+ Kg8 31. Re3 Qxc5 32. Qb4 Qf5 33. Kg2 e6
34. c5 Rc8 35. Qa4 Rdc7 36. Qxa7 Qd5 37. Rec3 Kg7 38. Qb6 Kg8 39. Rc4 Qe5 40.
c6 bxc6 41. Rxc6 Rxc6 42. Rxc6 Rb8 43. Qc5 Qxc5 44. Rxc5 Rb3 45. a4 Ra3 46. a5
Kf8 47. g4 hxg4 48. fxg4 Kg7 49. f3 f6 50. Rc7+ Kh6 51. Rf7 e5 52. Rxf6 Kg7 53.
Ra6 Kf7 54. Ra8 Kg7 55. a6 Kh7 56. a7 Kg7 57. Kf2 Kh7 58. Ke2 Kg7 59. Kd2 Kh7
60. Kc2 Kg7 61. Kb2 Ra5 62. Kb3 Ra1 63. Kb4 Ra2 64. Kc5 Ra5+ 65. Kb6 1-0

[Event "Kieler Open 2018-A"]
[Site "Kiel"]
[Date "2018.07.28"]
[Round "2.9"]
[White "Rieper, Julian"]
[Black "Holtel, Jasper"]
[Result "1/2-1/2"]
[WhiteElo "2048"]
[BlackElo "2234"]
[Annotator "EA"]
[PlyCount "64"]
[EventDate "2018.??.??"]
[WhiteTeam "SK Doppelbauer Kiel"]
[BlackTeam "SK Münster 32 e.V."]

1. e4 c5 2. Nf3 d6 3. d4 cxd4 4. Nxd4 Nf6 5. Nc3 a6 6. Be3 e5 7. Nb3 Be7 8. Be2
Be6 9. O-O Nbd7 10. f4 Qc7 11. Bf3 b5 12. a4 b4 13. Ne2 Nb6 14. Nd2 a5 15. fxe5
dxe5 16. b3 O-O 17. Rc1 Qb7 18. Ng3 Rfd8 19. Qe2 Nbd7 20. Rfd1 Rac8 21. Ndf1
Rc7 22. Ra1 Rdc8 23. Rd2 Nf8 24. Bf2 Ng6 25. Ne3 Nh4 26. Rad1 Rd7 27. Rxd7 Nxd7
28. Bg4 Nc5 29. Nd5 Bf8 30. Bxe6 Nxe6 31. Nf5 Ng6 32. g3 Qc6 1/2-1/2

[Event "Kieler Open 2018-A"]
[Site "Kiel"]
[Date "2018.07.28"]
[Round "2.10"]
[White "Lorenzen, Jan-Hendrik"]
[Black "Vatter, Hans-Joachim"]
[Result "0-1"]
[WhiteElo "2024"]
[BlackElo "2216"]
[Annotator "EA"]
[PlyCount "70"]
[EventDate "2018.??.??"]
[WhiteTeam "Eckernförder SC von 1921"]
[BlackTeam "SC Emmendingen 1937 e.V."]

1. Nf3 d6 2. d4 Bg4 3. c4 c6 4. Nc3 e6 5. e4 Nf6 6. Be2 Be7 7. Be3 O-O 8. Nd2
Bxe2 9. Qxe2 d5 10. O-O dxe4 11. Ndxe4 Nxe4 12. Nxe4 Nd7 13. Rad1 Nf6 14. Nxf6+
Bxf6 15. Rd3 Qa5 16. Ra3 Qf5 17. Rd1 Rfd8 18. Rad3 Rd7 19. b3 Rad8 20. R3d2 h6
21. g4 Qa5 22. Qf3 Bg5 23. Qe2 Bxe3 24. Qxe3 Qg5 25. h3 b5 26. f4 Qh4 27. Kg2
bxc4 28. bxc4 Qe7 29. Qe4 Qd6 30. Rb1 Qa3 31. f5 Qc3 32. Rbd1 Qxc4 33. fxe6
Qxe6 34. Qxe6 fxe6 35. Kf3 c5 0-1

[Event "Kieler Open 2018-A"]
[Site "Kiel"]
[Date "2018.07.28"]
[Round "2.11"]
[White "Pluska, Alexander"]
[Black "Kleinschroth, Roland"]
[Result "0-1"]
[WhiteElo "2199"]
[BlackElo "2058"]
[Annotator "EA"]
[PlyCount "112"]
[EventDate "2018.??.??"]
[WhiteTeam "SK Doppelbauer Kiel"]
[BlackTeam "SG Weiß-Blau Eilenriede"]

1. Nf3 d6 2. d4 f5 3. Nc3 Nf6 4. Bg5 Nbd7 5. d5 c6 6. Qd2 Qa5 7. dxc6 bxc6 8.
Nd4 Ne5 9. Bxf6 gxf6 10. e3 Bd7 11. f4 Nf7 12. Be2 e5 13. Nb3 Qb6 14. Bh5 Be7
15. O-O Be6 16. Kh1 O-O-O 17. a4 Rhg8 18. a5 Qc7 19. a6 Rg7 20. Ne2 d5 21. Na5
Nd6 22. Qc3 Kd7 23. Bf3 Ne4 24. Bxe4 fxe4 25. f5 Bf7 26. Nb7 Rdg8 27. Rg1 Qb6
28. Qa5 Kc7 29. c3 h5 30. b4 h4 31. Rab1 Bh5 32. Rb2 h3 33. Ng3 hxg2+ 34. Kxg2
Bf3+ 35. Kf2 Rh7 36. Nf1 Rxg1 37. Kxg1 Rg7+ 38. Ng3 Qxa5 39. Nxa5 Kb6 40. Nb3
Kb5 41. Nd2 Kxa6 42. Kf2 Kb5 43. Ra2 Bd8 44. Rb2 Bb6 45. c4+ dxc4 46. Ndxe4
Bxe4 47. Nxe4 Rh7 48. Kg2 Bxe3 49. Nxf6 c3 50. Rc2 Rg7+ 51. Kf3 Bd4 52. Ne8 Rg8
53. Nd6+ Kxb4 54. Ke4 Kb3 55. Kd3 Rd8 56. Nb7 Rd5 0-1

[Event "Kieler Open 2018-A"]
[Site "Kiel"]
[Date "2018.07.28"]
[Round "2.12"]
[White "Nahnsen, Kenneth"]
[Black "Knudsen, Simon"]
[Result "1-0"]
[WhiteElo "2004"]
[BlackElo "2197"]
[Annotator "EA"]
[PlyCount "93"]
[EventDate "2018.??.??"]
[WhiteTeam "SK Doppelbauer Kiel"]
[BlackTeam "SF Brackel"]

1. c3 Nf6 2. c4 e5 3. d3 d5 4. cxd5 Nxd5 5. Nf3 Nc6 6. g3 Be6 7. Bg2 f6 8. O-O
Qd7 9. Nc3 O-O-O 10. Bd2 g5 11. Ne4 h5 12. Rc1 h4 13. Qa4 Kb8 14. Nxf6 Nxf6 15.
Rxc6 Qxc6 16. Qxc6 bxc6 17. Bxg5 Bg7 18. Nxe5 Bd5 19. e4 Nh7 20. Bxd8 Rxd8 21.
d4 h3 22. Bh1 Bxe5 23. dxe5 Bxa2 24. f4 Kc8 25. g4 Rd2 26. Rf3 Rd1+ 27. Rf1 Rd2
28. Rf3 Rxb2 29. Rxh3 a5 30. Ra3 Bc4 31. Rxa5 Rb1+ 32. Kg2 Bd3 33. e6 Kd8 34.
e5 Be4+ 35. Kg3 Rxh1 36. f5 Rf1 37. Ra8+ Ke7 38. Rc8 Ng5 39. Rxc7+ Kd8 40. e7+
Ke8 41. f6 Bg6 42. Rxc6 Ne4+ 43. Kh4 Kd7 44. e6+ Kxc6 45. f7 Nf6 46. f8=Q Kd5
47. Qf7 1-0

[Event "Kieler Open 2018-A"]
[Site "Kiel"]
[Date "2018.07.28"]
[Round "2.13"]
[White "Schulze, Lara"]
[Black "Pedersen, Lars Wilton"]
[Result "1/2-1/2"]
[WhiteElo "2187"]
[BlackElo "2053"]
[Annotator "EA"]
[PlyCount "50"]
[EventDate "2018.??.??"]
[WhiteTeam "SK Lehrte von 1919 e. V."]
[BlackTeam "Fredericia SF"]

1. e4 d5 2. exd5 Nf6 3. d4 Nxd5 4. Nf3 g6 5. Be2 Bg7 6. O-O O-O 7. c4 Nb6 8. h3
Nc6 9. Be3 e5 10. d5 Ne7 11. Nc3 Nf5 12. Bc5 Re8 13. g4 Nh4 14. Nxh4 Qxh4 15.
Kg2 f5 16. Nb5 Qd8 17. d6 cxd6 18. Bxd6 Bd7 19. Nc7 Bc6+ 20. Kh2 Bh6 21. f4
Bxf4+ 22. Rxf4 exf4 23. Bxf4 Qxd1 24. Bxd1 Re4 25. Nxa8 Rxf4 1/2-1/2

[Event "Kieler Open 2018-A"]
[Site "Kiel"]
[Date "2018.07.28"]
[Round "2.14"]
[White "Kosanke, Stefan"]
[Black "Pietzsch, Manuel"]
[Result "1/2-1/2"]
[WhiteElo "1986"]
[BlackElo "2185"]
[Annotator "EA"]
[PlyCount "42"]
[EventDate "2018.??.??"]
[WhiteTeam "SV Bad Oldesloe"]
[BlackTeam "SG Leipzig"]

1. d4 Nf6 2. c4 c5 3. d5 b5 4. cxb5 a6 5. b6 Qxb6 6. Nf3 g6 7. Nc3 Bg7 8. a4 a5
9. e4 d6 10. Bb5+ Nbd7 11. Nd2 Qb8 12. Qe2 O-O 13. O-O Nb6 14. Re1 Bb7 15. h4
e6 16. Nc4 Nxc4 17. Qxc4 e5 18. Bd2 Qd8 19. Bc6 Qe7 20. Nb5 Rfb8 21. Rad1 Ne8
1/2-1/2

[Event "Kieler Open 2018-A"]
[Site "Kiel"]
[Date "2018.07.28"]
[Round "2.15"]
[White "Light, Bjarne"]
[Black "Bernhardt, Gerd"]
[Result "1-0"]
[WhiteElo "2177"]
[BlackElo "2033"]
[Annotator "EA"]
[PlyCount "37"]
[EventDate "2018.??.??"]
[WhiteTeam "Preetzer TSV"]
[BlackTeam "Eckernförder SC von 1921"]

1. d4 d5 2. Nf3 Nf6 3. Bf4 e6 4. e3 c5 5. c3 Nc6 6. Nbd2 Bd6 7. Bg3 O-O 8. Bd3
b6 9. e4 dxe4 10. Nxe4 Nxe4 11. Bxe4 Bb7 12. Qa4 Na5 13. dxc5 Bxc5 14. Rd1 Qc8
15. Bxh7+ Kxh7 16. Qh4+ Kg8 17. Ng5 Be4 18. Qxe4 f5 19. Qh4 1-0

[Event "Kieler Open 2018-A"]
[Site "Kiel"]
[Date "2018.07.28"]
[Round "2.16"]
[White "Kaulich, Philipp Theodor"]
[Black "Wanner, Lukas"]
[Result "1-0"]
[WhiteElo "2157"]
[BlackElo "2025"]
[Annotator "EA"]
[PlyCount "107"]
[EventDate "2018.??.??"]
[WhiteTeam "Kieler SG"]
[BlackTeam "SK Doppelbauer Kiel"]

1. e4 c5 2. d4 cxd4 3. c3 dxc3 4. Nxc3 Nc6 5. Nf3 a6 6. Bc4 e6 7. O-O Nge7 8.
Bg5 f6 9. Be3 Ng6 10. Nd4 Be7 11. f4 O-O 12. Qh5 Nxd4 13. Bxd4 Qc7 14. Bb3 Nxf4
15. Qg4 Bc5 16. Bxc5 Qxc5+ 17. Kh1 Nd3 18. Qg3 Ne5 19. Rac1 Qb4 20. Rf4 Qd6 21.
Rd1 Qc7 22. Rh4 b5 23. Nd5 Qd8 24. Ne3 Qe8 25. Nf5 g6 26. Nd6 Qe7 27. Nf5 Qe8
28. Nd6 Qe7 29. Nf5 Qe8 30. Rh3 Kh8 31. Qh4 Qf7 32. Nd6 Qg7 33. Rc3 g5 34. Qg3
Rb8 35. Rc7 Qe7 36. Qe3 Ra8 37. Qb6 Rd8 38. Rdc1 Qf8 39. h3 Kg8 40. Qc5 Nd3 41.
Qd4 Nxc1 42. Rxc1 Rb8 43. Rf1 Kg7 44. e5 f5 45. Qa7 Bb7 46. Nxb7 Rdc8 47. Nd6
Rd8 48. Bxe6 Kg6 49. Bxf5+ Kh6 50. Bd3 Qg8 51. Nf5+ Kh5 52. Be2+ g4 53. hxg4+
Kg5 54. Qe3+ 1-0

[Event "Kieler Open 2018-A"]
[Site "Kiel"]
[Date "2018.07.28"]
[Round "2.17"]
[White "Neuendorf, Max"]
[Black "Poghosyan, Tigran"]
[Result "0-1"]
[WhiteElo "1981"]
[BlackElo "2146"]
[Annotator "EA"]
[PlyCount "44"]
[EventDate "2018.??.??"]
[WhiteTeam "Flensburger"]
[BlackTeam "Lübeck"]

1. e4 c5 2. c3 d5 3. exd5 Qxd5 4. d4 Nc6 5. Nf3 Bf5 6. Be3 Nf6 7. c4 Qd8 8.
dxc5 Qxd1+ 9. Kxd1 O-O-O+ 10. Kc1 Ng4 11. Nh4 Nxe3 12. fxe3 Be6 13. Be2 g5 14.
Nf3 g4 15. Ng5 Bh6 16. Nxe6 Bxe3+ 17. Kc2 fxe6 18. Bxg4 Nd4+ 19. Kc3 Rhg8 20.
h3 h5 21. Re1 Bf2 22. Rxe6 hxg4 0-1

[Event "Kieler Open 2018-A"]
[Site "Kiel"]
[Date "2018.07.28"]
[Round "2.18"]
[White "Möller, Dustin"]
[Black "Quiring, Nikolai"]
[Result "1-0"]
[WhiteElo "2140"]
[BlackElo "2006"]
[Annotator "EA"]
[PlyCount "79"]
[EventDate "2018.??.??"]
[WhiteTeam "Eckernförde"]
[BlackTeam "Rendsburg"]

1. c4 e6 2. g3 c5 3. Nf3 Nc6 4. Bg2 Nf6 5. O-O d5 6. b3 Be7 7. Bb2 O-O 8. e3
Qb6 9. Qe2 a5 10. Nc3 dxc4 11. Qxc4 Qa6 12. Qxa6 Rxa6 13. Rfd1 Nb4 14. Ne5 Nfd5
15. e4 Nxc3 16. dxc3 Nc6 17. Nxc6 Rxc6 18. e5 Rc7 19. Rd2 Rd8 20. Rxd8+ Bxd8
21. Rd1 Be7 22. Kf1 Kf8 23. Bf3 Ke8 24. h4 Bd7 25. h5 h6 26. c4 Bc6 27. Bxc6+
Rxc6 28. a4 Rc8 29. f4 Rd8 30. Rxd8+ Kxd8 31. Ke2 b6 32. Kf3 f5 33. exf6 gxf6
34. g4 Ke8 35. Ke4 Kf7 36. Bc1 Bf8 37. f5 Ke7 38. fxe6 Kxe6 39. Bf4 Bd6 40.
Bxd6 1-0

[Event "Kieler Open 2018-A"]
[Site "Kiel"]
[Date "2018.07.28"]
[Round "2.19"]
[White "Hu, Yik Kwan"]
[Black "Petri, Alexander"]
[Result "0-1"]
[WhiteElo "1504"]
[BlackElo "2138"]
[Annotator "EA"]
[PlyCount "116"]
[EventDate "2018.??.??"]
[WhiteTeam "Hong Kong"]
[BlackTeam "Doppelbauer"]
[WhiteTeamCountry "HKG"]

1. e4 c6 2. d4 d5 3. Nc3 dxe4 4. Nxe4 Bf5 5. Ng3 Bg6 6. h4 h6 7. Nf3 Nd7 8. h5
Bh7 9. Bd3 Bxd3 10. Qxd3 e6 11. Bd2 Ngf6 12. O-O-O Be7 13. Kb1 Qb6 14. c4 Rd8
15. Bc3 Bb4 16. a3 Bxc3 17. Qxc3 O-O 18. Rhe1 Qc7 19. Nd2 Qf4 20. Qe3 Qg4 21.
Rh1 b5 22. Rc1 Nb6 23. cxb5 cxb5 24. Rc5 Qxd4 25. Qxd4 Rxd4 26. Nb3 Rd5 27. Rc7
Ra8 28. Ne2 Rxh5 29. Rxh5 Nxh5 30. Ned4 Nd5 31. Rc5 a6 32. Na5 Nhf4 33. g3 Nd3
34. Rc2 b4 35. a4 Ra7 36. Nac6 Rc7 37. Rd2 Nc5 38. Rc2 Nxa4 39. Nxb4 Rxc2 40.
Ndxc2 Nxb4 41. Nxb4 Nc5 42. Kc2 Kf8 43. f3 Ke7 44. Nc6+ Kd6 45. Nd8 f6 46. b4
Kd7 47. Nf7 Nb7 48. Nh8 g5 49. Nf7 h5 50. f4 gxf4 51. gxf4 Nd6 52. Nh8 Nf5 53.
Kd3 Ke7 54. Ke4 Kf8 55. Ng6+ Kf7 56. Ne5+ fxe5 57. fxe5 h4 58. Kf3 Ke7 0-1

[Event "Kieler Open 2018-A"]
[Site "Kiel"]
[Date "2018.07.28"]
[Round "2.20"]
[White "Du, Yuxin"]
[Black "Callsen, Niklas"]
[Result "1-0"]
[WhiteElo "2129"]
[BlackElo "1705"]
[Annotator "EA"]
[PlyCount "103"]
[EventDate "2018.??.??"]
[WhiteTeam "Guandong"]
[BlackTeam "Flensburg"]

1. e4 c5 2. Nf3 e6 3. g3 Nc6 4. Bg2 Nge7 5. O-O g6 6. d4 cxd4 7. Nxd4 Bg7 8.
Nb5 d5 9. exd5 exd5 10. Bxd5 O-O 11. Bg2 Qb6 12. Qe2 Nf5 13. c3 Be6 14. N5a3
Rfe8 15. Qc2 Rac8 16. Qa4 h5 17. Nd2 Ne5 18. Qb5 Qd6 19. Ne4 Qe7 20. Bg5 f6 21.
Bf4 Nc4 22. Nc2 g5 23. Bc1 Nfd6 24. Nxd6 Nxd6 25. Qb4 Bc4 26. Rd1 Nf5 27. Qxe7
Rxe7 28. Ne3 Nxe3 29. Bxe3 b6 30. Bd5+ Kh7 31. Bxc4 Rxc4 32. Rd5 Kg6 33. Rad1
Rc6 34. Kf1 g4 35. Rd7 Rc7 36. Rxc7 Rxc7 37. Rd5 Bh6 38. Bxh6 Kxh6 39. a4 Rc4
40. a5 bxa5 41. Rxa5 Rc7 42. Ke2 Re7+ 43. Kd3 Rd7+ 44. Kc2 Re7 45. Rd5 Re1 46.
c4 Rh1 47. c5 Rxh2 48. Rd2 h4 49. c6 hxg3 50. fxg3 Rh5 51. b4 a5 52. c7 1-0

[Event "Kieler Open 2018-A"]
[Site "Kiel"]
[Date "2018.07.28"]
[Round "2.23"]
[White "Haag, Martin"]
[Black "Fleischmann, Yannic"]
[Result "1/2-1/2"]
[WhiteElo "2229"]
[BlackElo "1748"]
[Annotator "EA"]
[PlyCount "50"]
[EventDate "2018.??.??"]
[WhiteTeam "Bonn"]
[BlackTeam "Segeberg"]

1. c4 c5 2. Nf3 Nf6 3. Nc3 d5 4. cxd5 Nxd5 5. e3 Nc6 6. Bc4 Nc7 7. d4 e6 8. O-O
Be7 9. a3 a6 10. dxc5 Qxd1 11. Rxd1 Bxc5 12. b4 Be7 13. Bb2 b5 14. Be2 O-O 15.
Rac1 Bb7 16. Ne4 Nd5 17. Nc5 Bxc5 18. Rxc5 Rfd8 19. Nd4 Rac8 20. Nb3 Nf6 21.
Rcc1 Nd7 22. Bf3 Ba8 23. Rd6 Nb6 24. Rxd8+ Rxd8 25. Nc5 Nc4 1/2-1/2

[Event "Kieler Open 2018-A"]
[Site "Kiel"]
[Date "2018.07.28"]
[Round "2.24"]
[White "Haffner, Alexander"]
[Black "Strätker, Sebastian"]
[Result "1-0"]
[WhiteElo "2107"]
[BlackElo "1887"]
[Annotator "EA"]
[PlyCount "121"]
[EventDate "2018.??.??"]
[WhiteTeam "Agon NMS"]
[BlackTeam "ASV Rehau"]

1. d4 Nf6 2. Nf3 g6 3. g3 Bg7 4. Bg2 O-O 5. O-O d5 6. c4 c6 7. cxd5 cxd5 8. Nc3
Nc6 9. Bf4 Bf5 10. Rc1 Rc8 11. Ne5 Be6 12. Qd2 Nh5 13. Nxc6 bxc6 14. Bh6 Qa5
15. Nxd5 Qd8 16. Bxg7 Nxg7 17. Nc3 Nf5 18. Rfd1 Nd6 19. b3 c5 20. d5 Bd7 21. e4
Qb6 22. e5 Nf5 23. Ne4 Qb4 24. Nxc5 Qxd2 25. Rxd2 Bb5 26. a4 Be8 27. d6 exd6
28. exd6 Bd7 29. Rcc2 Rfd8 30. Bb7 Rb8 31. Kg2 Ng7 32. Nxd7 Rxd7 33. Bc6 Rdd8
34. Bb5 Ne6 35. Bc4 Nf8 36. Rc3 Rb6 37. Rcd3 Nd7 38. Re3 Nf6 39. Re7 Rd7 40.
Bxf7+ Kf8 41. Rxd7 Nxd7 42. Be6 Nc5 43. Bc8 Ke8 44. d7+ Kd8 45. Rd5 Nxb3 46. a5
Re6 47. h4 Re4 48. h5 Nd4 49. hxg6 hxg6 50. Bb7 Ne6 51. a6 Ra4 52. Rd6 Nf8 53.
Bc8 Ra3 54. Rf6 Nxd7 55. Bxd7 Kxd7 56. Rxg6 Kc7 57. f4 Ra2+ 58. Kh3 Rb2 59. f5
Rb6 60. g4 Rb3+ 61. Kh4 1-0

[Event "Kieler Open 2018-A"]
[Site "Kiel"]
[Date "2018.07.28"]
[Round "2.25"]
[White "Karlisch, Moritz"]
[Black "Begri, Felix"]
[Result "0-1"]
[WhiteElo "1839"]
[BlackElo "1984"]
[Annotator "EA"]
[PlyCount "52"]
[EventDate "2018.??.??"]
[WhiteTeam "SK Doppelbauer Kiel"]
[BlackTeam "Hofheim"]

1. d4 Nf6 2. c4 e6 3. Nf3 d5 4. Nc3 Bb4 5. cxd5 exd5 6. Qa4+ Nc6 7. Bg5 h6 8.
Bh4 O-O 9. e3 Re8 10. Be2 g5 11. Bg3 Ne4 12. Rc1 h5 13. h4 Nxg3 14. fxg3 Rxe3
15. Kf2 Qe7 16. Qc2 Bxc3 17. bxc3 g4 18. Ne5 Nxe5 19. Kxe3 Nc4+ 20. Kf2 Qe3+
21. Kf1 Bf5 22. Qxf5 Qxc1+ 23. Kf2 Qe3+ 24. Kf1 Nd2+ 25. Ke1 Ne4 26. Qf4 Qxc3+
0-1

[Event "Kieler Open 2018-A"]
[Site "Kiel"]
[Date "2018.07.28"]
[Round "2.26"]
[White "Besenthal, Klaus-Günther"]
[Black "Gehlsen, René"]
[Result "1-0"]
[WhiteElo "2053"]
[BlackElo "1799"]
[Annotator "EA"]
[PlyCount "81"]
[EventDate "2018.??.??"]
[WhiteTeam "Lübeck"]
[BlackTeam "Heide"]

1. d4 g6 2. Bf4 Bg7 3. Nc3 d6 4. e4 a6 5. Qd2 b5 6. Nf3 Bb7 7. Bd3 e6 8. O-O
Ne7 9. a4 b4 10. Ne2 a5 11. c3 bxc3 12. bxc3 O-O 13. Rab1 Ba6 14. Bxa6 Nxa6 15.
Rb5 Nb8 16. Qc2 Nec6 17. h4 Nd7 18. h5 e5 19. Bg5 f6 20. Be3 gxh5 21. Ng3 Qe8
22. Qb3+ Kh8 23. Qc4 Nb6 24. Qa2 Na7 25. Rxa5 Nc6 26. Rxa8 Qxa8 27. d5 Nb8 28.
Bxb6 cxb6 29. Rb1 Nd7 30. Qa3 Qb8 31. a5 Qa7 32. a6 Nc5 33. Qb4 Qxa6 34. Qxb6
Qd3 35. Re1 Qxc3 36. Qxd6 Nd3 37. Rf1 Nf4 38. Nh4 Qc8 39. Nhf5 Qe8 40. Rb1 Qa8
41. Qc7 1-0

[Event "Kieler Open 2018-A"]
[Site "Kiel"]
[Date "2018.07.28"]
[Round "2.27"]
[White "Lubenow, Olaf"]
[Black "Teichert, Felix"]
[Result "0-1"]
[WhiteElo "1794"]
[BlackElo "1981"]
[Annotator "EA"]
[PlyCount "114"]
[EventDate "2018.??.??"]
[WhiteTeam "Kollmar"]
[BlackTeam "Leegebruch"]

1. e4 c5 2. Nc3 e6 3. g3 g6 4. Bg2 Bg7 5. d3 Ne7 6. Nh3 Nbc6 7. O-O d5 8. exd5
exd5 9. Bg5 h6 10. Bd2 g5 11. Re1 O-O 12. Rb1 Be6 13. f4 g4 14. Nf2 Qd7 15.
Rxe6 Qxe6 16. Nxg4 f5 17. Nf2 Rae8 18. Bf3 Bd4 19. Ne2 Be3 20. Bh5 Rd8 21. Kg2
d4 22. a3 Nd5 23. Ng1 Nce7 24. Qe1 Qd6 25. Nd1 Rf6 26. Bc1 Re6 27. Qf1 Nf6 28.
Bf3 Ned5 29. Bxe3 Rxe3 30. Kh1 Re7 31. Qh3 Ne3 32. Nxe3 Rxe3 33. Qxf5 Kg7 34.
Bxb7 Rde8 35. Nf3 Rb8 36. Be4 Nxe4 37. dxe4 Re8 38. Nh4 Qc6 39. Qg4+ Kh8 40.
Qg6 Re6 41. Qf5 Qxe4+ 42. Qxe4 R3xe4 43. Ng2 Re2 44. Rc1 Rf2 45. Nh4 Ree2 46.
Ng6+ Kg7 47. f5 Rxh2+ 48. Kg1 Reg2+ 49. Kf1 Rxc2 50. Kg1 Rcg2+ 51. Kf1 Rc2 52.
Kg1 Rxc1+ 53. Kxh2 d3 54. Ne5 d2 55. f6+ Kxf6 56. Ng4+ Kg5 57. Ne3 Re1 0-1

[Event "Kieler Open 2018-A"]
[Site "Kiel"]
[Date "2018.07.28"]
[Round "2.28"]
[White "Berenstein, Alexander"]
[Black "Easwaralingam, Janith"]
[Result "1-0"]
[WhiteElo "1975"]
[BlackElo "1792"]
[Annotator "EA"]
[PlyCount "115"]
[EventDate "2018.??.??"]
[WhiteTeam "Rendsburg"]
[BlackTeam "Fredericia"]

1. e4 e5 2. Bc4 Nc6 3. a3 Nf6 4. Nc3 Bc5 5. d3 h6 6. b4 Bd4 7. Nge2 Bb6 8. h3
a6 9. O-O O-O 10. Kh2 d6 11. f4 Nd4 12. f5 Ng4+ 13. Kg3 Nf6 14. Ng1 Kh7 15. Kh2
g6 16. g4 Kg7 17. g5 hxg5 18. Bxg5 gxf5 19. exf5 Bxf5 20. Rxf5 Nxf5 21. Nd5
Nxd5 22. Bxd8 Nde3 23. Qh5 Raxd8 24. Nf3 d5 25. Qg5+ Kh7 26. Bb3 e4 27. Nh4 Nh6
28. Re1 Rg8 29. Qf4 Neg4+ 30. hxg4 Bf2 31. g5 Bxe1 32. Ng2 Rd6 33. Nxe1 f5 34.
dxe4 Ng4+ 35. Kg3 Rdg6 36. Bxd5 R8g7 37. Qxf5 Nh6 38. Qf3 Rxg5+ 39. Kf2 Ng4+
40. Ke2 R7g6 41. Be6 Ne5 42. Qb3 Nc6 43. Qh3+ Kg7 44. Qc3+ Kf8 45. Bf5 Rg3 46.
Qc5+ Rd6 47. Nf3 b6 48. Qf2 Rg7 49. Ke3 Ne7 50. Bh3 Rf7 51. Qh4 Ng6 52. Qh6+
Ke8 53. Bf5 Rff6 54. Qg7 Ne7 55. Qh8+ Rf8 56. Qh5+ Kd8 57. Bg4 Rc6 58. Nd4 1-0

[Event "Kieler Open 2018-A"]
[Site "Kiel"]
[Date "2018.07.28"]
[Round "2.29"]
[White "Linke, Michael"]
[Black "Bahlo, Jens"]
[Result "0-1"]
[WhiteElo "1792"]
[BlackElo "1973"]
[Annotator "EA"]
[PlyCount "54"]
[EventDate "2018.??.??"]
[WhiteTeam "Köln"]
[BlackTeam "Gießen"]

1. e4 Nc6 2. Nf3 d5 3. e5 Bf5 4. d4 e6 5. Bd3 Nge7 6. c3 Qd7 7. Nh4 Bxd3 8.
Qxd3 f6 9. f4 O-O-O 10. b4 g5 11. Nf3 gxf4 12. Bxf4 Ng6 13. Bg3 fxe5 14. dxe5
Bg7 15. Qe2 h5 16. b5 Nce7 17. Nbd2 h4 18. Bf2 Nf4 19. Qf1 Nf5 20. Nb3 h3 21.
gxh3 Rxh3 22. Bd4 Bh6 23. a4 Rg8 24. Bxa7 Ng2+ 25. Ke2 Rxh2 26. Bf2 Nge3 27.
Qb1 Ng3+ 0-1

[Event "Kieler Open 2018-A"]
[Site "Kiel"]
[Date "2018.07.28"]
[Round "2.30"]
[White "Gütschow, Martin"]
[Black "Christensen, Andreas"]
[Result "1-0"]
[WhiteElo "1968"]
[BlackElo "1790"]
[Annotator "EA"]
[PlyCount "57"]
[EventDate "2018.??.??"]
[WhiteTeam "Segeberg"]
[BlackTeam "Hamburger SK von 1830 eV"]

1. e4 c5 2. d4 cxd4 3. c3 dxc3 4. Nxc3 d6 5. Bc4 e6 6. Nf3 Be7 7. Qe2 a6 8. O-O
Nc6 9. Rd1 Bd7 10. Bf4 e5 11. Be3 Nf6 12. h3 O-O 13. Bb3 b5 14. a4 Na5 15. Bd5
Nxd5 16. Nxd5 Nc4 17. axb5 Bxb5 18. Qe1 Nxb2 19. Rdb1 Na4 20. Qb4 Nc5 21. Nxe5
Nxe4 22. Bb6 Qe8 23. Qxe4 dxe5 24. Nxe7+ Qxe7 25. Rxb5 Qd7 26. Rxe5 Rfc8 27.
Re7 Qb5 28. Re1 h6 29. Bd4 1-0

[Event "Kieler Open 2018-A"]
[Site "Kiel"]
[Date "2018.07.28"]
[Round "2.31"]
[White "Rohmann, Volker"]
[Black "Berger, Joachim"]
[Result "1/2-1/2"]
[WhiteElo "1789"]
[BlackElo "1966"]
[Annotator "EA"]
[PlyCount "37"]
[EventDate "2018.??.??"]
[WhiteTeam "SVG Friedrichsort"]
[BlackTeam "Lübecker SV von 1873"]

1. e4 e6 2. d4 d5 3. e5 c5 4. c3 Qb6 5. Nf3 Bd7 6. a3 cxd4 7. cxd4 Bb5 8. Be2
Bxe2 9. Qxe2 Qa6 10. Nc3 Qxe2+ 11. Kxe2 Nc6 12. b4 Rc8 13. Bd2 Nge7 14. Rhc1
Nf5 15. Be3 Be7 16. g4 Nxe3 17. fxe3 f6 18. Na4 fxe5 19. Nxe5 1/2-1/2

[Event "Kieler Open 2018-A"]
[Site "Kiel"]
[Date "2018.07.28"]
[Round "2.32"]
[White "Boyens, Birger"]
[Black "Marcussen, Claus"]
[Result "1-0"]
[WhiteElo "1935"]
[BlackElo "1736"]
[Annotator "EA"]
[PlyCount "53"]
[EventDate "2018.??.??"]
[WhiteTeam "Husumer SV von 1898"]
[BlackTeam "Fredericia SF"]

1. e4 d5 2. d4 dxe4 3. Nc3 Bf5 4. f3 Nf6 5. g4 Bg6 6. g5 Nd5 7. Nxe4 e6 8. c4
Bb4+ 9. Bd2 Bxd2+ 10. Qxd2 Ne7 11. O-O-O Nf5 12. h4 h5 13. Ne2 c6 14. Nf4 Na6
15. Qc3 Nc7 16. Bh3 b5 17. Bxf5 Bxf5 18. Ng3 bxc4 19. Nxf5 exf5 20. d5 O-O 21.
Nxh5 f6 22. dxc6 Qe8 23. Nxg7 Qxc6 24. Nxf5 Qc5 25. Nh6+ Kh8 26. Rd7 Nb5 27. g6
1-0

[Event "Kieler Open 2018-A"]
[Site "Kiel"]
[Date "2018.07.28"]
[Round "2.33"]
[White "Schmidt, Gero"]
[Black "Schmidt, Peter"]
[Result "1/2-1/2"]
[WhiteElo "1741"]
[BlackElo "1932"]
[Annotator "EA"]
[PlyCount "120"]
[EventDate "2018.??.??"]
[WhiteTeam "TV Mehrhoog"]
[BlackTeam "Kieler SG"]

1. f4 e5 2. fxe5 d6 3. exd6 Bxd6 4. Nf3 Nc6 5. d4 Bf5 6. c3 Nf6 7. Bg5 h6 8.
Bxf6 Qxf6 9. Nbd2 O-O-O 10. e4 Rhe8 11. Bd3 Bg4 12. Qa4 Qf4 13. O-O-O Bxf3 14.
gxf3 Kb8 15. Bb5 f5 16. d5 Bc5 17. Bxc6 bxc6 18. dxc6 Ka8 19. Qb5 Bb6 20. Qe2
Rd6 21. Kc2 Rxc6 22. Rhe1 Kb7 23. b4 Qd6 24. Nc4 Qe6 25. Rd5 Qxd5 26. Na5+ Bxa5
27. exd5 Rxe2+ 28. Rxe2 Rd6 29. bxa5 Rxd5 30. Re7 Rxa5 31. Kb3 g5 32. Re6 Ra6
33. Re5 f4 34. h3 Rg6 35. Kc2 Ra6 36. Kb3 Rd6 37. Kc2 Kc6 38. Re7 Kb6 39. Re5
a6 40. a3 c5 41. Re7 Kb5 42. Re4 c4 43. a4+ Kxa4 44. Rxc4+ Kb5 45. Rb4+ Kc5 46.
Re4 Kd5 47. Re7 Re6 48. Rd7+ Ke5 49. c4 Kf5 50. Rf7+ Kg6 51. Rd7 Kh5 52. Kc3
Kh4 53. c5 Kxh3 54. Rd6 Re3+ 55. Rd3 Re1 56. Kd4 Kg2 57. c6 Re7 58. Rc3 Rc7 59.
Ke4 h5 60. Kf5 g4 1/2-1/2

[Event "Kieler Open 2018-A"]
[Site "Kiel"]
[Date "2018.07.28"]
[Round "2.34"]
[White "Hoffmann, Joachim"]
[Black "Hoppe, Marc"]
[Result "1-0"]
[WhiteElo "1911"]
[BlackElo "1723"]
[Annotator "EA"]
[PlyCount "57"]
[EventDate "2018.??.??"]
[WhiteTeam "SK Doppelbauer Kiel"]
[BlackTeam "SF Olfen 1975"]

1. e4 c6 2. d4 d5 3. e5 e6 4. Nf3 Ne7 5. Bd3 f6 6. exf6 gxf6 7. Nh4 h5 8. O-O
e5 9. dxe5 fxe5 10. Ng6 Nxg6 11. Bxg6+ Kd7 12. c4 Kc7 13. cxd5 cxd5 14. Nc3 d4
15. Nb5+ Kb6 16. Qb3 Nc6 17. Nxd4+ Kc7 18. Nxc6 bxc6 19. Rd1 Qf6 20. Be4 Bc5
21. Be3 Bb6 22. Rac1 Bb7 23. Qc3 Rhf8 24. b4 Rad8 25. b5 Bxe3 26. Qxe3 Rxd1+
27. Rxd1 Rd8 28. Rc1 Qd6 29. h3 1-0